000 00827nam a2200277 4500
001 0000015406
003 CO-CtgCURN
005 20250331191052.0
008 160627s1993 000 0 eng d
020 _a9581800263
040 _aCO-CtgCURN
_bspa
_ccoctgcurn
082 0 _aCo863
_bN718s
100 1 _aNiño, Jairo Anibal.
245 1 4 _aLos superheroes /
_cJairo Anibal Niño.
260 _aBogotá :
_bPromover,
_c1993.
300 _a42 p.
336 _2rdacontent
337 _2rdamedia
_asin mediacion
_bn
338 _2rdacarrier
_avolumen
_bnc
490 1 _aColección El carrito esperado
505 8 _aCuentos infantiles
650 0 _aLeones
_vCuentos infantiles.
908 _a160627
942 _cBK
_hCo863
_iN718s
_2ddc
999 _c26290
_d26290
_x1